Dubious investment scheme warning notice (Record no. 121334)
[ view plain ]
| 000 -LEADER | |
|---|---|
| fixed length control field | 01389nam a22002177a 4500 |
| 008 - FIXED-LENGTH DATA ELEMENTS--GENERAL INFORMATION | |
| fixed length control field | 230125s2021 xxk|||||o|||| 00| 0 eng d |
| 041 ## - LANGUAGE CODE | |
| Language code of text/sound track or separate title | eng |
| 110 ## - MAIN ENTRY--CORPORATE NAME | |
| Corporate author | Royal Institution of Chartered Surveyors |
| 245 ## - TITLE STATEMENT | |
| Title | Dubious investment scheme warning notice |
| Medium | [Electronic resource] |
| 260 ## - PUBLICATION INFORMATION | |
| Place of publication | London, |
| Publisher | Royal Institution of Chartered Surveyors, |
| Date | 2 July 2021 |
| 300 ## - PHYSICAL DESCRIPTION | |
| Physical description | 4p. |
| 490 ## - SERIES TITLE | |
| Series statement | RICS warning notice |
| 520 ## - ABSTRACT | |
| Abstract | RICS has received reports about a minority of registered valuers who have been involved in suspect and illegal investment schemes, apparently unwittingly. The aim of this alert is to remind RICS members of their obligations and to identify warning signs to help RICS members and regulated firms avoid any involvement in such schemes. RICS may have regard to this alert when exercising its regulatory functions.<br/>This alert is also relevant to members of the public who are thinking about investing in schemes being promoted as investments where a chartered surveyor is involved. |
| 650 ## - KEYWORDS | |
| Keywords | Investments |
| 650 ## - KEYWORDS | |
| Keywords | Fraud |
| 651 ## - SUBJECT ADDED ENTRY--GEOGRAPHIC NAME | |
| Geographic name | International |
| 690 ## - BROAD SUBJECT | |
| 9 (RLIN) | 6250 |
| Broad subject | Investments |
| 710 ## - ADDED CORPORATE NAME | |
| Added corporate author | Royal Institution of Chartered Surveyors |
| 856 ## - ONLINE RESOURCE | |
| Uniform Resource Identifier | <a href="https://www.rics.org/globalassets/rics-website/media/upholding-professional-standards/sector-standards/valuation/dubious-investment-scheme-warning-notice.pdf">https://www.rics.org/globalassets/rics-website/media/upholding-professional-standards/sector-standards/valuation/dubious-investment-scheme-warning-notice.pdf</a> |
| Public note | Available free on RICS.org |
| 942 ## - ADDED ENTRY ELEMENTS (KOHA) | |
| Suppress in OPAC | Do not suppress in OPAC |
| Lost status | Damaged status | Not for loan | Current library | Shelving location | Date acquired | Total Checkouts | Date last seen | Price effective from | Koha item type |
|---|---|---|---|---|---|---|---|---|---|
| Virtual | Online | 25/01/2023 | 25/01/2023 | 25/01/2023 | Online material |